| 000 | 01539nam0a2200361 4500 | ||
|---|---|---|---|
| 001 | RU\NLR\bibl\847220 | ||
| 005 | 20250614150820.0 | ||
| 010 |
_a5-8044-0436-9 _9300 |
||
| 021 |
_aRU _b2005-21517 _91098 |
||
| 035 | _a(NLR Aleph) 000835989 | ||
| 090 |
_a1390506 _c1390506 |
||
| 100 | _a20051003d2005 |||y0rusy50 ca | ||
| 101 | 0 |
_arus _deng _eeng |
|
| 102 | _aRU | ||
| 105 | _aa ||||||||| | ||
| 200 | 1 |
_aВирозы дикорастущих растений Дальнего Востока России _dViroses of wild plants of the Russian Far East _fВ.Д. Костин _gРос. акад. наук, Дальневост. отд-ние, Биол.-почв. ин-т _zeng |
|
| 210 |
_aВладивосток _cДальнаука _d2005 |
||
| 215 |
_a121,[1] с., [10] л. ил., цв. ил. _cил. _d20 |
||
| 300 | _aАвт. также на англ. яз.: V.D. Kostin | ||
| 300 | _aРез. на англ. яз. | ||
| 320 | _aБиблиогр.: с. 109-121 | ||
| 510 | 0 |
_aViroses of wild plants of the Russian Far East _zeng |
|
| 606 | 1 |
_aВирусные болезни дикорастущих растений _yДальний Восток Российской Федерации _92400696 _3RU\NLR\auth\661431037 |
|
| 686 | _aП478.2(2Р55) | ||
| 686 | _aП476.7(2Р55) | ||
| 700 | 1 |
_aКостин _bВ. Д. _gВиталий Дмитриевич _4070 |
|
| 801 | 0 |
_aRU _bNLR _c20051003 _grcr |
|
| 801 | 1 |
_aRU _bNLR _c20051003 |
|
| 830 | _aАвт. по кн. | ||
| 942 | _cBOOK | ||
| 980 | _aNB | ||
| 980 | _aNBR | ||